000 00361nam a2200133Ia 4500
008 191206s9999 xx 000 0 und d
020 _a517383578
090 _aG2230.R47
245 0 _aAtlas of the biblical world
260 _aGreenwich House
260 _cc1982
300 _a"1 atlas (224 p.) : ill. (some col.), col. maps ; 3"
999 _c15518
_d15518